More cunning than man A social history of rats and men

সংরক্ষণ করুন:
গ্রন্থ-পঞ্জীর বিবরন
প্রধান লেখক: Hendrickson, Robert
বিন্যাস: গ্রন্থ
ভাষা:ইংরেজি
প্রকাশিত: Madison Books 1983
ট্যাগগুলো: ট্যাগ যুক্ত করুন
কোনো ট্যাগ নেই, প্রথমজন হিসাবে ট্যাগ করুন!

MARC

LEADER 00000nam a2200000 4500
005 20240925183057.0
008 240724b |||||||| |||| 00| 0 eng d
020 |a 978-0812828948 
040 |c GP 
100 |a Hendrickson, Robert 
245 |a More cunning than man  |b A social history of rats and men 
260 |b Madison Books  |c 1983 
942 |2 ddc  |c BK  |n 0 
952 |0 0  |1 0  |2 ddc  |4 0  |6 810_000000000000000_HEN  |7 1  |9 1705  |a RM  |b RM  |d 2024-07-24  |l 0  |o 810 HEN  |p 464  |r 2024-07-24 17:13:28  |w 2024-07-24  |y BK 
999 |c 1518  |d 1518